EANNA (Registro nro. 4651)

Detalles MARC
000 -LEADER
fixed length control field 00949 a2200229 4500
001 - CONTROL NUMBER
control field 48623
005 - DATE AND TIME OF LATEST TRANSACTION
control field 20260407155751.0
008 - FIXED-LENGTH DATA ELEMENTS--GENERAL INFORMATION
fixed length control field 260407a2018 arg spa d
003 - CONTROL NUMBER IDENTIFIER
control field AR-UNSa-BCEJYS
040 ## - CATALOGING SOURCE
Original cataloging agency AR-UNSa-BCEJYS
Language of cataloging spa
Transcribing agency AR-UNSa-BCEJYS
080 ## - UNIVERSAL DECIMAL CLASSIFICATION NUMBER
Universal Decimal Classification number 311.3
Common auxiliary subdivision Organización general de las estadisticas. Estadística oficial
020 ## - INTERNATIONAL STANDARD BOOK NUMBER
International Standard Book Number 978-950-896-529-5
041 ## - LANGUAGE CODE
Language code of text/sound track or separate title spa
100 1# - MAIN ENTRY--PERSONAL NAME
Personal name Instituto Nacional de Estadística y Censos (INDEC)
245 10 - TITLE STATEMENT
Title EANNA
Name of part/section of a work Encuesta de actividades de niños, niñas y adolescentes 2016-2017
264 #1 - PRODUCTION, PUBLICATION, DISTRIBUTION, MANUFACTURE, AND COPYRIGHT NOTICE
Place of production, publication, distribution, manufacture Buenos Aires :
Name of producer, publisher, distributor, manufacturer INDEC
Date of production, publication, distribution, manufacture, or copyright notice 2018
300 ## - PHYSICAL DESCRIPTION
Extent 204 p.
Dimensions 25 cm.
505 ## - FORMATTED CONTENTS NOTE
Formatted contents note 1. Marco conceptual y metodológico; 2. Resultados de la EANNA para el total del país; 3. Resultados de la EANNA urbana; 4. Resultados de la EANNA rural
590 ## - LOCAL NOTE (RLIN)
Local note niveau_biblio:m niveau_hierar:0
856 41 - ELECTRONIC LOCATION AND ACCESS
Uniform Resource Identifier <a href="https://www.biblioeco.unsa.edu.ar/pmb/images/libros/D00082">https://www.biblioeco.unsa.edu.ar/pmb/images/libros/D00082</a>
Link text Imagen de portada
Electronic format type image/jpeg
942 ## - ADDED ENTRY ELEMENTS (KOHA)
Koha item type
Existencias
Withdrawn status Lost status Damaged status Not for loan Home library Current library Shelving location Date acquired Total checkouts Full call number Barcode Date last seen Price effective from Koha item type
        Biblioteca Prof. Eusebio Cleto del Rey Biblioteca Prof. Eusebio Cleto del Rey   07/04/2026   D311.3 I59n D00082 07/04/2026 07/04/2026 Libro